000 01082cam a22003014a 4500
001 14372058
005 20180302032342.0
008 060510s2006 dcua b 001 0 eng
010 _a 2006015626
020 _a0309100917 (hardback)
020 _a030965646X (pdfs)
020 _a9780309100915
035 _a(OCoLC)ocm68786779
040 _aDLC
_cDLC
_dBAKER
_dC#P
_dKUT
_dAGL
_dCOU
_dYDXCP
_dVP@
_dDLC
041 _aeng
042 _apcc
070 0 _aQP141
_b.D75 2006
080 _a612.3 OTT
082 0 0 _a612.3 OTT
_222
100 _a10
101 _aNUT
245 0 0 _aDRI, dietary reference intakes :
_cJennifer J. Otten, Jennifer Pitzi Hellwig, Linda D. Meyers, editors.
246 3 0 _aDietary reference intakes
504 _aIncludes bibliographical references and index.
906 _a7
_bcbc
_corignew
_d1
_eecip
_f20
_gy-gencatlg
942 _2ddc
_cBK
999 _c43904
_d43904